00429nam a2200121Ia 4500008004100000100001800041245011700059245003700176260000900213300001000222650001300232856006200245170221s9999 xx 000 0 und d aAndré Silva aIntended Use of Proceeds, Underwriter Quality and the Long-run Performance of SEOs in the UK (pages 1282–1309) cAndré Silva and Pawel Bilinski c2015 a4 : 1 xBusiness uhttp://onlinelibrary.wiley.com/doi/10.1111/jbfa.12171/pdf